Les Alsaciens les plus célèbres. - Statistiques

Statistiques générales
  • Ce quiz a été pris 31 fois
  • Le résultat moyen est 7 sur 12
Statistiques - réponses
Par images Réponse % Correct
Sébastien Loeb
93%
Matt Pokora
80%
Vitaa
80%
Arsène Wenger
73%
Claudio Capéo
63%
Thierry Omeyer
63%
Fast Good Cuisine
57%
Chris Marques
53%
Auguste Bartholdi
30%
Delphine Wespiser
30%
Pierre Hermé
23%
Ettore Bugatti
20%
Aucun quiz correspondant
Distribution des résultats
% des personnes avec chaque résultat
Percentile par nombre de réponses
Votre historique - résultats
Vous n’avez pas pris ce quiz